logo

Bir Sreshtho Munshi Abdur Rouf Library
Jhenaidah Cadet College

পাশ্চাত্য রাষ্ট্রচিন্তা / (Record no. 13098)

MARC details
000 -LEADER
fixed length control field 00846nam a2200241 a 4500
001 - CONTROL NUMBER
JCCL Control Number 13098
003 - CONTROL NUMBER IDENTIFIER
JCCL marc code BD-JhCC
005 - DATE AND TIME OF LATEST TRANSACTION
control field 20230710102009.0
008 - FIXED-LENGTH DATA ELEMENTS--GENERAL INFORMATION
fixed length control field 230622s20232018bg |||| ||a| 00| 0 bg d
020 ## - INTERNATIONAL STANDARD BOOK NUMBER
International Standard Book Number 9789849309383
035 ## - SYSTEM CONTROL NUMBER
system control number (BD-JhCC)13098
040 ## - CATALOGING SOURCE
Original cataloging agency BD-JhCC
Modifying agency BD-JhCC
041 ## - LANGUAGE CODE
Language code of Book ben
082 ## - DEWEY DECIMAL CLASSIFICATION NUMBER
DDC Edition number 23
Classification number 320.9
Author mark and Year BEG 2018
100 ## - MAIN ENTRY--PERSONAL NAME
Personal name বেগম, প্রফেসর ফিরোজা
245 ## - TITLE STATEMENT
Title পাশ্চাত্য রাষ্ট্রচিন্তা /
Statement of responsibility, etc প্রফেসর ফিরোজা বেগম
260 ## - PUBLICATION, DISTRIBUTION, ETC. (IMPRINT)
Place of publication, distribution, etc ঢাকা :
Name of publisher, distributor, etc নওরোজ সাহিত্য সংসদ,
Date of publication, distribution, etc ২০১৮.
300 ## - PHYSICAL DESCRIPTION
Pagination ৪১৪ পৃ. :
Dimensions ২১ সেমি.
504 ## - BIBLIOGRAPHY, ETC. NOTE
Bibliography, etc গ্রন্থপঞ্জি সংবলিত।
650 ## - SUBJECT ADDED ENTRY--TOPICAL TERM
Topical term or geographic name as entry element Political science
942 ## - ADDED ENTRY ELEMENTS (KOHA)
Source of classification or shelving scheme Dewey Decimal Classification
Koha item type Books
Holdings
Source of classification or shelving scheme Damaged status Not for loan Home library Current library Shelving location Date of accession Source of acquisition Cost, normal purchase price Total Checkouts Full call number Barcode Date last seen Copy number Method of acquisition Koha item type Currency
Dewey Decimal Classification     JCC Rouf Library JCC Rouf Library General Stacks 06/22/2023 জাতীয় গ্রন্থকেন্দ্র 350.00   320.9 BEG 2018 17853 07/10/2023 C-1 Purchase Books BDT

JCC Library | Contacts | JCC Home

Last Update on 23 September 2017
Copyright @ 2017-2020 JCC Rouf Library
Rouf Library, Jhenidah Cadet College (JCC), Bangladesh